000 00569nam a22001577a 4500
005 2012050309109.0
020 _a8186101101
_c450.00
035 _aB-168349
037 _aDPL
_bENG
100 _aSingh, Bijay Dhari
_946249
245 _aBibliography of Kautiliya Arthasastra /
_cby Bijay Dhari Singh
260 _aVaranasi
_bKishor Vidya Niketan
_c2004
300 _axii, 222p.
_c18 cms.
942 _2ddc
_cEN
_h330.1016
_mBIJ
999 _c66033
_d66033